Catalog

Record Details

Catalog Search



Malostranská beseda a její znovuzrození  Cover Image Book Book

Malostranská beseda a její znovuzrození / Kateřina Bečková ... [et al.]

Record details

  • ISBN: 978-80-7252-277-4
  • Physical Description: 119 s. : il. (převážně barev.), plány, faksim. ; 25 x 26 cm
  • Edition: Vyd. 1.
  • Publisher: Praha : Práh, 2009

Content descriptions

General Note:
Vydáno pro Městskou část Praha 1
Bibliography, etc. Note:
Obsahuje bibliografii
Subject: Malostranská beseda (budova)
Malostranská beseda (spolek)
historické budovy > Česko
obnova a rekonstrukce památek > Česko
kulturní centra > Česko
kulturní spolky > Česko
historic buildings > Czechia
renewal and reconstruction of monuments > Czechia
cultural centers > Czechia
cultural associations > Czechia
Malá Strana (Praha, Česko) > dějiny
Malá Strana (Prague, Czechia) > history
Genre: monografie
monographs

Available copies

  • 1 of 1 copy available at Common Catalog SPOK.

Holds

  • 0 current holds with 1 total copy.
Show All Copies
Location Call Number / Copy Notes Barcode Shelving Location Status Due Date
Hospic Dobrého Pastýře UM
Tematická katagorie: Umění (UM)
2045957006086 Knihovna Available -

Electronic resources

Version of Resource: Obsah


LDR 02121nam a2200553 a 4500
00128302
003CZ-PrJAB
00520170820094143.0
007ta
008091207s2009 xr aeh f 000 0 cze
015 . ‡acnb002024471
020 . ‡a978-80-7252-277-4 ‡q(váz.)
035 . ‡a(CZ PrNK)nkc20092024471
035 . ‡a(OCoLC)551396499
040 . ‡aOLA001 ‡bcze ‡dABA001
043 . ‡ae-xr--- ‡be-xr-pg ‡2czenas
072 7. ‡a72 ‡xArchitektura ‡2Konspekt ‡921
080 . ‡a721:904 ‡2MRF
080 . ‡a7.025.3/.4 ‡2MRF
080 . ‡a725.835 ‡2MRF
080 . ‡a316.7:061 ‡2MRF
080 . ‡a94(437.311) ‡2MRF
080 . ‡a(048.8) ‡2MRF
24500. ‡aMalostranská beseda a její znovuzrození / ‡cKateřina Bečková ... [et al.]
24630. ‡aMalostranská beseda
250 . ‡aVyd. 1.
260 . ‡aPraha : ‡bPráh, ‡c2009
300 . ‡a119 s. : ‡bil. (převážně barev.), plány, faksim. ; ‡c25 x 26 cm
500 . ‡aVydáno pro Městskou část Praha 1
504 . ‡aObsahuje bibliografii
61027. ‡aMalostranská beseda (budova) ‡7kn20100201004 ‡2czenas
61027. ‡aMalostranská beseda (spolek) ‡7kn20061115008 ‡2czenas
65007. ‡ahistorické budovy ‡7ph120726 ‡zČesko ‡2czenas
65007. ‡aobnova a rekonstrukce památek ‡7ph168233 ‡zČesko ‡2czenas
65007. ‡akulturní centra ‡7ph117898 ‡zČesko ‡2czenas
65007. ‡akulturní spolky ‡7ph445023 ‡zČesko ‡2czenas
65009. ‡ahistoric buildings ‡zCzechia ‡2eczenas
65009. ‡arenewal and reconstruction of monuments ‡zCzechia ‡2eczenas
65009. ‡acultural centers ‡zCzechia ‡2eczenas
65009. ‡acultural associations ‡zCzechia ‡2eczenas
651 7. ‡aMalá Strana (Praha, Česko) ‡7ge128513 ‡xdějiny ‡2czenas
651 9. ‡aMalá Strana (Prague, Czechia) ‡xhistory ‡2eczenas
655 7. ‡amonografie ‡7fd132842 ‡2czenas
655 9. ‡amonographs ‡2eczenas
7001 . ‡aBečková, Kateřina, ‡d1957- ‡7jn20001227077 ‡4aut
7101 . ‡aPraha 1 (Česko). ‡bObvodní úřad městské části ‡7kn20010724643
85641. ‡yObsah ‡uhttp://toc.nkp.cz/NKC/201001/contents/nkc20092024471_1.pdf
910 . ‡aBNE702
998 . ‡a002024471
901 . ‡a28302 ‡b ‡c28302 ‡tbiblio

Additional Resources